Stand By Me - Lyrics - Statistics

General Stats
  • This quiz has been taken 652 times
  • The average score is 12 of 16
Answer Stats
Hint Answer % Correct
Just as long as you ____, stand by me stand
99%
No I won't be afraid Oh, I won't be ___ afraid
95%
And the moon is the only ___ we'll see Light
95%
When the night has come And the land is ____ Dark
87%
___ as long as you stand, stand by me just
84%
So ___ ___ darling darling
82%
No, I won't ___ a tear shed
81%
If the __ that we look upon sky
76%
Should ___ and fall tumble
70%
Oh stand now, stand by me, ___ __ __ stand by me
68%
Stand by me, __ stand by me __ stand, stand by me oh oh
64%
All the ____ should crumble to the sea mountains
63%
I won't __, I won't __ cry cry
62%
Whenever you're in ___ won't you stand by me trouble
60%
Oh stand ___, stand by me Stand by me now
37%
Oh stand by me, oh won't you stand ___, stand Stand by me now
37%
No matching quizzes found
Score Distribution
Percent of People with Each Score
Percentile by Number Answered
Your Score History
You have not taken this quiz